[Event "34th Olympiad"]
[Site "Istanbul TUR"]
[Date "2000.11.10"]
[Round "13"]
[White "Adianto,U"]
[Black "Nilssen,J"]
[Result "1/2-1/2"]
[WhiteElo "2583"]
[BlackElo "2354"]

1.d4 Nf6 2.Nf3 e6 3.c4 b6 4.g3 Ba6 5.Nbd2 c5 6.e4 cxd4 7.e5 Ng4 8.h3 Nh6
9.Bg2 Bb7 10.O-O f6 11.Re1 f5 12.Nxd4 Bxg2 13.Kxg2 Be7 14.Qf3 Na6 15.a3 O-O
16.b4 Nc7 17.Bb2 a5 18.Bc3 Nf7 19.N4b3 axb4 20.axb4 Na6 21.Ra4 Qb8 22.Rea1 Ng5
23.Qe3 Qb7+ 24.f3 Nf7 25.Qd3 Rfd8 26.b5 Nc7 27.Rxa8 Nxa8 28.h4 Nc7 29.Qe3 Ra8
30.Rxa8+ Nxa8 31.Bd4 Bd8 32.Kf2 Bc7 33.Qc3 Bd8 34.f4 Be7 35.Qf3 Nd8 36.Qxb7 Nxb7
37.Ke3 Kf8 38.Nb1 Ke8 39.Nc3 Kd8 40.Na4 Kc7 41.h5 Bb4 42.Kf3 Be7 43.g4 g6
44.hxg6 hxg6 45.g5 Bb4 46.Ke3 d6 47.exd6+ Nxd6 48.Kd3 Ne4 49.Be3 Bd6 50.Nd4 e5
51.fxe5 Bxe5 52.Ne6+ Kb7 53.Nf8 Bc7 54.Nc3 Nd6 55.Nxg6 Nf7 56.Nd5 f4 57.Nxc7 Nxc7
58.Nxf4 Nxg5 59.Nd5 Nf7 60.Nxc7 Kxc7 61.Kd4 Nd8 62.Kd5 Nb7 63.Bf4+ Kd7 64.Be5 Na5
65.Bc3 Nb7 66.Bd4 Kc7 67.Ke6 Na5 68.Be5+ Kc8 69.Kd5 Kd7 70.Bd4 Kc7 71.Bc3 Nb7
72.Ke6 Nc5+ 73.Ke7 Nb7 74.Bb4 Kc8 75.Bd2 Kc7 76.Bc3 Kc8 77.Ke6 Kc7 78.Kd5 Kd7  1/2-1/2

[Event "Chigorin Mem"]
[Site "St Petersburg RUS"]
[Date "2000.11.10"]
[Round "9"]
[White "Bratchenko,A"]
[Black "Shaposhnikov,E"]
[Result "0-1"]
[WhiteElo "2411"]
[BlackElo "2544"]

1.d4 Nf6 2.c4 e6 3.Nf3 b6 4.g3 Ba6 5.b3 d5 6.cxd5 exd5 7.Bg2 Bb4+ 8.Bd2 Bd6
9.O-O O-O 10.Nc3 Re8 11.Re1 Bb7 12.Nb5 Bf8 13.Bf4 Na6 14.a3 c6 15.Nc3 c5
16.Bg5 h6 17.Bxf6 Qxf6 18.e3 Nc7 19.Qd2 Bd6 20.Rec1 Qe7 21.Qb2 Rad8 22.b4 c4
23.b5 Bc8 24.Ne1 Be6 25.Nc2 Qd7 26.a4 h5 27.Nb4 Bxb4 28.Qxb4 h4 29.a5 Bh3
30.Bh1 hxg3 31.hxg3 Qg4 32.Qb2 Rd6 33.axb6 axb6 34.Qd2 Qh5 35.Ra7 Bg4 36.f4 Rh6
37.Kf2 Qh2+ 38.Bg2 Rh3 39.Rxc7 Rxg3  0-1

[Event "Belgian Interteams 2000-1"]
[Site "BEL"]
[Date "2000.11.17"]
[Round "3"]
[White "Marcus,J"]
[Black "Janssen,R"]
[Result "0-1"]
[WhiteElo "2292"]
[BlackElo "2414"]

1.d4 Nf6 2.Nf3 e6 3.c4 b6 4.g3 Ba6 5.b3 Bb4+ 6.Bd2 Be7 7.Bg2 c6 8.Bc3 d5
9.Ne5 Nbd7 10.Nxd7 Nxd7 11.Nd2 O-O 12.O-O Re8 13.Re1 c5 14.cxd5 exd5 15.Rc1 Rc8
16.Nf3 Nf6 17.Bh3 Rc7 18.dxc5 Bxc5 19.Be5 Rce7 20.Bxf6 gxf6 21.e3 d4 22.exd4 Rxe1+
23.Nxe1 Bxd4 24.Qg4+ Kh8 25.Rd1 Re2 26.Rxd4 Rxe1+ 27.Kg2 Bf1+ 28.Kf3 Be2+
29.Kg2 Qa8+ 30.f3 Bxf3+  0-1

[Event "Czech Extra League 2000-1"]
[Site "CZE"]
[Date "2000.11.18"]
[Round "1"]
[White "Banas,J"]
[Black "Vavrak,P"]
[Result "0-1"]
[WhiteElo "2370"]
[BlackElo "2361"]

1.d4 Nf6 2.Nf3 e6 3.c4 b6 4.g3 Ba6 5.b3 b5 6.Nbd2 Bb4 7.Qc2 bxc4 8.bxc4 c5
9.Bg2 Nc6 10.dxc5 Bxc5 11.O-O O-O 12.Bb2 Rc8 13.Ng5 Bd4 14.Bxd4 Nxd4 15.Qd3 Nc6
16.Rac1 Qe7 17.Nge4 Nxe4 18.Qxe4 f5 19.Qe3 e5 20.Nb3 Rc7 21.Rfd1 e4 22.g4 fxg4
23.Nc5 Bc8 24.Nxe4 Ne5 25.Nd6 Qf6 26.Rd5 Ng6 27.Ne8 Qd8 28.Nxc7 Qxc7 29.Rh5 Bb7
30.Rc5 Bc6 31.Bxc6 dxc6 32.Qe6+ Kh8 33.Rxc6 Qb7 34.Qd6 Qf7 35.Qc5 Nf4 36.Re1 Nh3+
37.Kg2 h6 38.Rc8 Qb7+ 39.f3 Nf4+ 40.Kg3 Nxe2+  0-1

[Event "TCh-FIN 00-01"]
[Site "FIN"]
[Date "2000.11.18"]
[Round "4"]
[White "Tuominen,R"]
[Black "Hentunen,A"]
[Result "0-1"]
[WhiteElo "2179"]
[BlackElo "2346"]

1.d4 Nf6 2.c4 e6 3.Nf3 b6 4.g3 Ba6 5.Nbd2 d5 6.cxd5 exd5 7.Bg2 Bd6 8.O-O O-O
9.Re1 Re8 10.Nh4 Bb7 11.Qc2 Nc6 12.Qd3 Nb4 13.Qb1 Ba6 14.Ndf3 Bxe2 15.Be3 Bd3
16.Qd1 Bc2 17.Qe2 Be4 18.Rec1 c5 19.a3 Nd3 20.Rd1 c4 21.Bh3 b5 22.Ng5 a5
23.Nf5 Bf8 24.f3 Bxf5 25.Bxf5 h6 26.Nh3 Nxb2 27.Qxb2 Rxe3 28.Qxb5 Rxf3 29.Rf1 Rxf1+
30.Kxf1 Rb8 31.Qc6 Rb3 32.a4 Rf3+  0-1

[Event "TCh-FIN 00-01"]
[Site "FIN"]
[Date "2000.11.18"]
[Round "4"]
[White "Lehtivaara,P"]
[Black "Keskisarja,T"]
[Result "1/2-1/2"]
[WhiteElo "2338"]
[BlackElo "2278"]

1.d4 Nf6 2.c4 e6 3.Nf3 b6 4.g3 Ba6 5.b3 Bb4+ 6.Bd2 Be7 7.Nc3 O-O 8.e4 d5
9.cxd5 Bxf1 10.Kxf1 exd5 11.e5 Ne4 12.Qe2 Nxc3 13.Bxc3 Qd7 14.Kg2 Nc6 15.Rhe1 Nd8
16.Rad1 Ne6 17.Ng1 Rae8 18.Rd3 f5 19.exf6 Bxf6 20.Qd1 Ng5 21.Bd2 Ne4 22.f3 Nd6
23.Bf4 Rxe1 24.Qxe1 Re8 25.Qc1 Nb5 26.Qd2 c6 27.a4 Nd6 28.Bxd6 Qxd6 29.Re3 Rxe3
30.Qxe3 Kf7 31.Ne2 Qe7 32.Qd3 g6 33.h4 Kg7 34.Kf2 Qd6 35.Qa6 Qe7 36.Qd3 Qd6
37.Qd2 Qa3  1/2-1/2

[Event "VI Open"]
[Site "Lisbon POR"]
[Date "2000.11.20"]
[Round "3"]
[White "Rodrigues,R"]
[Black "Spraggett,K"]
[Result "0-1"]
[WhiteElo "2112"]
[BlackElo "2501"]

1.d4 Nf6 2.c4 e6 3.Nf3 b6 4.g3 Ba6 5.b3 d5 6.Bg2 Bb4+ 7.Bd2 Be7 8.Bc3 O-O
9.O-O Bb7 10.Ne5 Nbd7 11.Nxd7 Qxd7 12.Nd2 c5 13.e3 Rac8 14.Rc1 Rfd8 15.Qe2 Ba6
16.Rfd1 Qe8 17.Rc2 cxd4 18.Bxd4 dxc4 19.Nxc4 Bxc4 20.Rxc4 Rxc4 21.bxc4 Qa4
22.Rc1 Nd7 23.Qc2 Qxc2 24.Rxc2 Rc8 25.Kf1 Kf8 26.Ke2 Bf6 27.Bxf6 Nxf6 28.Kd3 Nd7
29.Kc3 Ke7 30.f4 Rc5 31.Bf3 g6 32.Bg2 Kd6 33.Rd2+ Kc7 34.Kb3 Ra5 35.Bf3 Nc5+
36.Kb2 Ra4 37.Be2 Rb4+ 38.Kc1 Ne4 39.Rc2 f5 40.Bf1 Kc6 41.Rb2 Kc5 42.Rb3 Rxb3
43.axb3 Kb4  0-1

[Event "VI Open"]
[Site "Lisbon POR"]
[Date "2000.11.21"]
[Round "4"]
[White "Lalic,B"]
[Black "Mateo,Ra"]
[Result "1-0"]
[WhiteElo "2520"]
[BlackElo "2371"]

1.d4 Nf6 2.c4 e6 3.Nf3 b6 4.g3 Ba6 5.Qb3 Nc6 6.Nbd2 Na5 7.Qa4 c5 8.e4 Bb7
9.d5 exd5 10.cxd5 Bd6 11.Bd3 O-O 12.O-O Re8 13.Re1 Qc7 14.b3 a6 15.Nc4 Nxc4
16.bxc4 b5 17.Qc2 bxc4 18.Bxc4 Ng4 19.Rb1 Ne5 20.Nxe5 Bxe5 21.Bb2 d6 22.Bxe5 Rxe5
23.Qb2 Re7 24.Qb6 Qd7 25.e5 Rae8 26.e6 Qa4 27.Bb3 Qb5 28.Qxd6 c4 29.exf7+ Kxf7
30.Qf4+ Kg8 31.Rxe7  1-0

[Event "VI Open"]
[Site "Lisbon POR"]
[Date "2000.11.22"]
[Round "5"]
[White "Pinheiro,J"]
[Black "Spraggett,K"]
[Result "1/2-1/2"]
[WhiteElo "2288"]
[BlackElo "2501"]

1.d4 Nf6 2.c4 e6 3.Nf3 b6 4.g3 Ba6 5.b3 d5 6.Bg2 Bb4+ 7.Bd2 Bd6 8.O-O O-O
9.Nc3 Nbd7 10.e4 Nxe4 11.Nxe4 dxe4 12.Ng5 Be7 13.Nxe4 Bb7 14.Qc2 f5  1/2-1/2

[Event "Autumn Cup IM"]
[Site "Bucharest ROM"]
[Date "2000.11.25"]
[Round "6"]
[White "Hernandez,Gu VEN"]
[Black "Petre,NT"]
[Result "1/2-1/2"]
[WhiteElo "2245"]
[BlackElo "2293"]

1.Nf3 Nf6 2.d4 e6 3.c4 b6 4.g3 Ba6 5.b3 Bb4+ 6.Bd2 Be7 7.Bg2 c6 8.O-O d5
9.Ne5 Nfd7 10.Nxd7 Nxd7 11.Bc3 O-O 12.Nd2 Rc8 13.Rc1 Nf6 14.e4 c5 15.exd5 exd5
16.Bh3 Rb8 17.Re1 Bb7 18.Bg2 dxc4 19.Nxc4 Bxg2 20.Kxg2 Qd5+ 21.Qf3 cxd4 22.Qxd5 Nxd5
23.Bxd4 Rbd8  1/2-1/2

[Event "VI Open"]
[Site "Lisbon POR"]
[Date "2000.11.26"]
[Round "9"]
[White "Pinheiro,J"]
[Black "Pogorelov,R"]
[Result "1/2-1/2"]
[WhiteElo "2288"]
[BlackElo "2445"]

1.d4 Nf6 2.Nf3 e6 3.c4 b6 4.g3 Ba6 5.b3 Bb4+ 6.Bd2 Be7 7.Bg2 Bb7 8.O-O O-O
9.Nc3 d5 10.cxd5 exd5 11.Bf4 Na6 12.Qd2 h6 13.Rad1 Qd7 14.Ne5 Qe6 15.Nd3 c5
16.dxc5 bxc5 17.Be3 Nb4 18.Nxb4 cxb4 19.Nb5 Rac8 20.Qb2 a5 21.Bd4 Ba6 22.Na7 Rc3
23.Bf3 Ra8 24.Rc1 Rxf3 25.exf3 Bxf1 26.Kxf1 Rxa7 27.Bxa7 Qa6+ 28.Kg2 Qxa7
29.Rc8+ Bf8 30.Qe5 Qb7 31.Rb8 Qd7 32.Ra8 Qe6 33.Qd4 g6 34.Qc5 Nd7 35.Qb5 Nf6
36.Qxa5 Kg7 37.Qa7 Qd6 38.Qd4 Qc5 39.Qxc5 Bxc5 40.Kf1  1/2-1/2

[Event "Autumn Cup GM"]
[Site "Bucharest ROM"]
[Date "2000.11.27"]
[Round "7"]
[White "Itkis,B"]
[Black "Parligras,M"]
[Result "1/2-1/2"]
[WhiteElo "2384"]
[BlackElo "2441"]

1.d4 Nf6 2.c4 e6 3.Nf3 b6 4.g3 Ba6 5.b3 Bb4+ 6.Bd2 Be7 7.Nc3 O-O 8.e4 d5
9.cxd5 Bxf1 10.Kxf1 exd5 11.e5 Ne4 12.Kg2 Qd7 13.Re1 Nxc3 14.Bxc3 Nc6 15.Bd2 Nd8
16.Bg5 Bb4 17.Bd2 Be7 18.Bg5 Bb4 19.Re2 Ne6 20.a3 Bc3 21.Rc1 Bxd4 22.Nxd4 Nxg5
23.f4 Ne6 24.Nc6 Nc5 25.Nd4 Ne6 26.Nc6 Nc5 27.Nd4 Ne6  1/2-1/2

[Event "67th ch-BRA"]
[Site "Teresina BRA"]
[Date "2000.12.09"]
[Round "1"]
[White "Aranha Filho,A"]
[Black "Vescovi,G"]
[Result "0-1"]
[WhiteElo "2159"]
[BlackElo "2526"]

1.d4 Nf6 2.Nf3 b6 3.c4 e6 4.g3 Ba6 5.b3 d5 6.Bg2 Bb4+ 7.Bd2 Be7 8.O-O c5
9.Bc3 Nbd7 10.Nbd2 Rc8 11.Ne5 O-O 12.Rc1 cxd4 13.Bxd4 Nxe5 14.Bxe5 Nd7 15.Bb2 dxc4
16.Nxc4 Bxc4 17.bxc4 Bf6 18.Ba3 Be7 19.Bb2 Qc7 20.e3 Rfd8 21.Qe2 Bf6 22.Rfd1 Bxb2
23.Qxb2 h6 24.h3 Ne5 25.Rxd8+ Rxd8 26.Qc2 Rc8 27.Qb3 Qe7 28.Kh2 Rc5 29.f4 Ng6
30.a4 Qc7 31.Qd3 Nf8 32.e4 e5 33.f5 Ra5 34.f6 gxf6 35.Qf3 Rxa4 36.Qg4+ Kh7
37.Qf5+ Kg7 38.Qg4+ Kh7 39.Qf5+ Kg7 40.Qg4+ Ng6 41.h4 h5 42.Qxh5 Rxc4 43.Rxc4 Qxc4
44.Qf3 b5 45.h5 Nf8 46.Qg4+ Kh6 47.Bh3 Nh7  0-1

[Event "Open"]
[Site "Zadar CRO"]
[Date "2000.12.11"]
[Round "3"]
[White "Gagarin,V"]
[Black "Delchev,A"]
[Result "1/2-1/2"]
[WhiteElo "2395"]
[BlackElo "2557"]

1.d4 Nf6 2.Nf3 e6 3.c4 b6 4.g3 Ba6 5.b3 b5 6.cxb5 Bxb5 7.Bg2 d5 8.O-O Nbd7
9.Nc3 Ba6 10.Bb2 Bd6 11.Rc1 Nb6 12.Ne1 O-O 13.Nd3 Qe7 14.Re1 Bxd3 15.Qxd3 c5
16.dxc5 Bxc5 17.e4 d4 18.Nb5 e5 19.Rxc5 Qxc5 20.Ba3 Qc8 21.Rc1 Qd8 22.Bxf8 Kxf8
23.f4 a6 24.fxe5 axb5 25.exf6 Qxf6 26.e5 Qg5 27.Rd1 Rd8 28.Qxb5 Qe3+ 29.Kh1 d3
30.Qb4+ Kg8 31.Qe7 Qd4 32.e6 fxe6 33.Qxe6+ Kh8 34.Qe4 Qc5 35.Qe1 Qd4 36.Qe4 Qc5
37.Qe1 Qd4  1/2-1/2

[Event "2nd Open"]
[Site "Salou ESP"]
[Date "2000.12.15"]
[Round "4"]
[White "Bauer,Ch"]
[Black "Kovacevic,A"]
[Result "1-0"]
[WhiteElo "2562"]
[BlackElo "2513"]

1.d4 Nf6 2.Nf3 e6 3.c4 b6 4.g3 Ba6 5.b3 b5 6.cxb5 Bxb5 7.Bg2 d5 8.O-O Nbd7
9.Nc3 Ba6 10.Re1 Bb4 11.Bd2 O-O 12.Na4 Bd6 13.Qc2 Ne4 14.Ba5 Qb8 15.Nd2 Qb5
16.Bxc7 Rac8 17.Nxe4 Rxc7 18.Nxd6 Rxc2 19.Nxb5 Bxb5 20.Rec1 Rfc8 21.Nc5 Rxc1+
22.Rxc1 Bxe2 23.f4 Nxc5 24.Rxc5 Rxc5 25.dxc5 Kf8 26.Kf2 Bb5 27.Ke3 Ke7 28.Kd4 a5
29.a3 Bc6 30.Bf1 f6 31.Bd3 h6 32.b4 axb4 33.axb4 Kd7 34.b5 Ba8 35.Bc2  1-0

[Event "2nd Viking GMB"]
[Site "York ENG"]
[Date "2000.12.18"]
[Round "6"]
[White "Arkell,K"]
[Black "Heidenfeld,M"]
[Result "0-1"]
[WhiteElo "2481"]
[BlackElo "2375"]

1.d4 e6 2.c4 Nf6 3.Nf3 b6 4.g3 Ba6 5.b3 Bb7 6.Bg2 Bb4+ 7.Bd2 a5 8.O-O O-O
9.Bc3 d5 10.Bb2 Be7 11.Nc3 Na6 12.Ne5 Qc8 13.cxd5 exd5 14.Rc1 Rd8 15.a3 Qe6
16.f4 Bf8 17.e3 Rab8 18.Rf2 c5 19.f5 Qe8 20.Bf1 Bd6 21.Bb5 Qe7 22.Bxa6 Bxa6
23.Nc6 Qxe3 24.Kg2 cxd4 25.Nb1 Ne4 26.Rf3 Qe2+ 27.Qxe2 Bxe2 28.Nxd8 Bxf3+
29.Kxf3 Rxd8 30.Bxd4 Bc5 31.Bb2 f6 32.Rd1 Kf7 33.Nd2 g6 34.fxg6+ hxg6 35.Nf1 Ke6
36.h4 f5 37.Rb1 Rd7 38.Bc1 d4 39.b4 axb4 40.axb4 Be7 41.Bf4 Kd5 42.b5 Ra7
43.Rb2 Ra3+ 44.Kg2 Bc5 45.Nh2 Kc4 46.Nf3 Kc3 47.Rb1 Ra2+ 48.Kh3 Nf2+ 49.Kg2 Ng4+
50.Kh1 Rf2 51.Rc1+ Kb4 52.Rb1+ Ka4 53.Nd2 Rh2+ 54.Kg1 d3+ 55.Kf1 Re2  0-1

[Event "TCh-YUG Women"]
[Site "Kragujevac YUG"]
[Date "2000.12.19"]
[Round "9"]
[White "Kiseleva,N"]
[Black "Prudnikova,S"]
[Result "1/2-1/2"]
[WhiteElo "2323"]
[BlackElo "2428"]

1.d4 Nf6 2.c4 e6 3.Nf3 b6 4.g3 Ba6 5.Nbd2 c5 6.Bg2 Nc6 7.dxc5 bxc5 8.O-O Be7
9.e4 e5 10.Nh4 g6 11.b3 O-O 12.Nb1 Ne8 13.Nf3 d6 14.Nc3 Nc7 15.Bh6 Re8 16.Qd2 Nd4
17.Ne1 Bf8 18.Bxf8 Rxf8 19.f4 f6 20.Nc2 Nxc2 21.Qxc2 Ne6 22.Rf2 Bb7 23.Raf1 Qe7
24.Qd2 Nd4 25.fxe5 fxe5 26.Rxf8+ Rxf8 27.Rxf8+ Qxf8 28.Qf2 Qh6 29.Nd5 Bxd5
30.cxd5 Qc1+ 31.Qf1 Ne2+ 32.Kf2 Qxf1+ 33.Kxf1 Nc1 34.Ke1 Nxa2 35.Kd2 Kf7
36.Bf1 Ke7 37.Kc2 Kd8 38.h4 h6 39.Bb5 Ke7 40.Kb2 Nb4 41.Kc3 Kd8 42.Bf1 Kc7
43.Bb5 Kb6 44.Be8 g5 45.hxg5 hxg5 46.Bd7 Na6 47.Kc4 Nc7 48.Ba4 a6 49.Bd7 Nb5
50.Bg4 a5 51.Bd7 Na3+ 52.Kc3 Nb5+ 53.Kc4 Nd4 54.Bg4 Nc2 55.Kd3 Na3 56.Kc3 Nb5+
57.Kc4 Nc7 58.Bd7 Na6 59.Be8 Nb4 60.Kc3 c4 61.Kxc4 Nc2 62.Bd7 Na3+ 63.Kc3 Kc5
64.Kb2 Nb5 65.Bxb5 Kxb5 66.g4 Kb4 67.Kc2 a4 68.bxa4 Kxa4  1/2-1/2

[Event "Abel Cardona Open"]
[Site "Cali COL"]
[Date "2000.12.21"]
[Round "7"]
[White "Urday,H"]
[Black "Komarov,D"]
[Result "0-1"]
[WhiteElo "2486"]
[BlackElo "2556"]

1.d4 Nf6 2.c4 e6 3.Nf3 b6 4.g3 Ba6 5.b3 Bb4+ 6.Bd2 Be7 7.Bg2 c6 8.O-O d5
9.Ne5 Nfd7 10.Nxd7 Nxd7 11.Bc3 O-O 12.Nd2 Rc8 13.e4 b5 14.Re1 bxc4 15.bxc4 dxc4
16.Qa4 Bb5 17.Qc2 Re8 18.a4 Ba6 19.Rad1 Bf8 20.a5 Qc7 21.Bf1 c5 22.d5 exd5
23.exd5 Ne5 24.Qe4 Nd3 25.Qxe8 Rxe8 26.Rxe8 Qd7 27.Re3 Qf5 28.f4 Nxf4 29.Nxc4 Bxc4
30.Bxc4 Nh3+ 31.Kg2 Qf2+ 32.Kxh3 Qxe3 33.Rd3 Qe4 34.Bb5 h5 35.a6 Bd6  0-1

[Event "XIII Carlos Torre Open"]
[Site "Merida MEX"]
[Date "2000.12.22"]
[Round "9"]
[White "Escobedo Tinajero,A"]
[Black "Blanco Fernandez,A"]
[Result "1-0"]
[WhiteElo "2381"]
[BlackElo "2371"]

1.d4 Nf6 2.c4 e6 3.Nf3 b6 4.g3 Ba6 5.b3 Bb7 6.Bg2 Bb4+ 7.Bd2 a5 8.O-O O-O
9.a3 Bxd2 10.Qxd2 d5 11.Ne5 Qc8 12.cxd5 Bxd5 13.Bxd5 Nxd5 14.Rc1 Qb7 15.Nc3 Na6
16.Ne4 c5 17.dxc5 Nxc5 18.Nxc5 bxc5 19.Rxc5 Qxb3 20.Nc6 a4 21.Qc2 Ra6 22.e4 Nf6
23.Qe2 Qb7 24.Rac1 Rb6 25.Qc4 h6 26.Qxa4 Ra8 27.Qd4 Rb1 28.a4 Qb6 29.Rxb1 Qxb1+
30.Kg2 Nxe4 31.Rb5 Qe1 32.Rb2 Nc3 33.a5 Kh8 34.Qd3 Na4 35.Rc2 Qa1 36.Qc4 Rc8
37.a6 Nb6 38.Qb5 Nd5 39.a7  1-0

[Event "ch-ISR"]
[Site "Ramat-Aviv/Modiin ISR"]
[Date "2000.12.26"]
[Round "9"]
[White "Roiz,M"]
[Black "Postny,E"]
[Result "1/2-1/2"]
[WhiteElo "2440"]
[BlackElo "2434"]

1.c4 Nf6 2.d4 e6 3.Nf3 b6 4.g3 Ba6 5.b3 b5 6.cxb5 Bxb5 7.Bg2 Bc6 8.O-O a5
9.Nc3 Bb4 10.Qc2 O-O 11.Bd2 Qc8 12.Rac1 Bxc3 13.Bxc3 Qb7 14.Ba1 h6 15.d5 Bxd5
16.Bxf6 gxf6 17.Qd2 Kg7 18.Qf4 d6 19.Qg4+ Kh8 20.Qh4 Kg7 21.Qg4+ Kh8 22.Qf4 Kg7
23.Rfd1 Ra7 24.Qg4+ Kh8 25.Qh4 Kg7 26.Qg4+ Kh8 27.Qh4 Kg7 28.Qg4+  1/2-1/2

[Event "Christmas Open"]
[Site "Zurich SUI"]
[Date "2000.12.29"]
[Round "6"]
[White "Tukmakov,V"]
[Black "Epishin,V"]
[Result "1/2-1/2"]
[WhiteElo "2582"]
[BlackElo "2567"]

1.d4 Nf6 2.c4 e6 3.Nf3 b6 4.g3 Ba6 5.b3 Bb4+ 6.Bd2 Be7 7.Bg2 c6 8.Nc3 d5
9.Ne5 Nfd7 10.Nxd7 Nxd7  1/2-1/2

[Event "3rd Hilton Open"]
[Site "Basle SUI"]
[Date "2001.01.03"]
[Round "3"]
[White "Gurieli,N"]
[Black "Sokolov,And"]
[Result "1/2-1/2"]
[WhiteElo "2366"]
[BlackElo "2566"]

1.d4 Nf6 2.Nf3 e6 3.c4 b6 4.g3 Ba6 5.b3 Bb4+ 6.Bd2 Be7 7.Bg2 c6 8.O-O d5
9.Qc2 Nbd7 10.a4 O-O 11.a5 Ne4 12.axb6 axb6 13.Bf4 b5 14.Nbd2 Nxd2 15.Nxd2 bxc4
16.bxc4 Bf6 17.cxd5 cxd5 18.Nb3 Qb6 19.Rfb1 Rfc8 20.Qd1 Qd8 21.e4 Bc4 22.Rxa8 Rxa8
23.exd5 Bxd5 24.Bxd5 exd5 25.Qf3 Nf8 26.Be5 Bxe5 27.dxe5 Ra3 28.Rd1 Qb8 29.Rd3 Qxe5  1/2-1/2

[Event "3rd Hilton Open"]
[Site "Basle SUI"]
[Date "2001.01.04"]
[Round "4"]
[White "Kiss,Pa"]
[Black "Sturua,Z"]
[Result "1/2-1/2"]
[WhiteElo "2400"]
[BlackElo "2580"]

1.d4 Nf6 2.c4 e6 3.Nf3 b6 4.g3 Ba6 5.b3 Bb4+ 6.Bd2 Be7 7.Bg2 c6 8.Bc3 d5
9.Nbd2 Nbd7 10.O-O O-O 11.Re1 c5 12.e4 dxc4 13.bxc4 cxd4 14.Nxd4 Ne5 15.Nxe6 fxe6
16.Bxe5 Bc5 17.Rf1 Rc8 18.Rc1  1/2-1/2

[Event "Anibal Open"]
[Site "Anibal Open ESP"]
[Date "2001.01.13"]
[Round "6"]
[White "Sturua,Z"]
[Black "Gershon,A"]
[Result "1-0"]
[WhiteElo "2594"]
[BlackElo "2502"]

1.d4 Nf6 2.c4 e6 3.Nf3 b6 4.g3 Ba6 5.Qa4 c5 6.Bg2 Bb7 7.dxc5 Bxc5 8.Nc3 O-O
9.O-O Be7 10.Rd1 Na6 11.Be3 Qc8 12.Rac1 Nc5 13.Qc2 Nce4 14.Bd4 Nxc3 15.Qxc3 Be4
16.Ng5 Bxg2 17.Qd3 Ne4 18.Nxe4 Bh3 19.Be5 Qc6 20.f3 Bc5+ 21.Nxc5 Qxc5+ 22.Qd4 Qxd4+
23.Rxd4 f6 24.Bd6 Rfc8 25.g4 h5 26.Kf2 hxg4 27.fxg4 f5 28.gxf5 Bxf5 29.Rg1 Re8
30.Rh4 e5 31.Rh5 Re6 32.Rxf5 Rxd6 33.Rxe5 Rf8+ 34.Ke3 Rh6 35.Rg2 Rh3+ 36.Ke4 Rh4+
37.Kd3 Rf6 38.Re7 Rf7 39.Re8+ Rf8 40.Re4 Rff4 41.Rxf4 Rxf4 42.Rg3 Rh4 43.h3 Kf7
44.e4 Ke6 45.Kd4 Kd6 46.b4 Kc6 47.b5+ Kc7 48.Ra3 Kb7 49.Ke5 Rh5+ 50.Kd6 Rh4
51.Kd5 Rh5+ 52.e5 Rh6 53.Rg3 Kc8 54.a4 Rh4 55.Ra3 Kb7 56.c5 bxc5 57.Kxc5 g5
58.a5 Re4 59.a6+ Kb8 60.Kd5 Rb4 61.Rc3 g4 62.hxg4 Rxg4 63.Kd6 Rd4+ 64.Ke7  1-0

[Event "Anibal Open"]
[Site "Anibal Open ESP"]
[Date "2001.01.13"]
[Round "6"]
[White "Fominyh,A"]
[Black "Adler,V"]
[Result "1-0"]
[WhiteElo "2594"]
[BlackElo "2425"]

1.d4 Nf6 2.Nf3 e6 3.c4 b6 4.g3 Ba6 5.Nbd2 Bb4 6.Qc2 Bb7 7.Bg2 Be4 8.Qb3 Bxd2+
9.Bxd2 O-O 10.O-O d6 11.Rfd1 Nbd7 12.Bf1 Qe7 13.Ne1 c5 14.Be3 d5 15.Nf3 Rfc8
16.Nd2 cxd4 17.Bxd4 e5 18.Bc3 Nc5 19.Qa3 d4 20.Nxe4 Nfxe4 21.Be1 a5 22.Bg2 Qe6
23.b3 Rd8 24.Qb2 f5 25.Qc2 Ra7 26.a3 a4 27.bxa4 Nf6 28.Bb4 Nxa4 29.e3 Nc5
30.exd4 exd4 31.Re1 Qd7 32.Rad1 d3 33.Qb2 Nce4 34.f3 Nc5 35.Qe5 Qd4+ 36.Kh1 Qxe5
37.Rxe5 g6 38.Bf1 Rd4 39.Rxc5 bxc5 40.Bxc5 Rdd7 41.Bxa7 Rxa7 42.Rxd3 Nd7
43.Kg2 Kf7 44.Kf2 Ke7 45.g4 Kf6 46.gxf5 Ne5 47.Rc3 Kxf5 48.c5 Ke6 49.c6 Kd6
50.Bb5 g5 51.a4 h6 52.c7 Rxc7 53.Rxc7 Kxc7 54.a5 Kd6 55.a6 Kc7 56.Ke3 Ng6
57.Bd3 Nf4 58.Ke4 Kb6 59.Bf1 Ne6 60.Ke5 Nc5 61.Bc4 Nd7+ 62.Ke6 Nc5+ 63.Kf5 Nd7
64.Be2 Nc5 65.Kg6 Ne6 66.Kxh6 Nd4 67.Bd1 Kxa6 68.Kxg5 Kb6 69.h4 Ne6+ 70.Kf5 Nf8
71.h5 Kc7 72.Kf6  1-0

[Event "Bundesliga 2000-1"]
[Site "Luebeck GER"]
[Date "2001.01.28"]
[Round "7"]
[White "Koch,HJ"]
[Black "Wahls,M"]
[Result "1/2-1/2"]
[WhiteElo "2175"]
[BlackElo "2568"]

1.d4 Nf6 2.Nf3 e6 3.c4 b6 4.g3 Ba6 5.b3 Bb7 6.Bg2 Bb4+ 7.Bd2 a5 8.O-O O-O
9.Qc2 d6 10.Nc3 Nbd7 11.a3 Bxc3 12.Bxc3 Be4 13.Qb2 Qe7 14.b4 axb4 15.axb4 Rfb8
16.Rxa8 Rxa8 17.Ra1 Qd8 18.Bf1 Bb7 19.Nd2 c5 20.bxc5 Rxa1 21.Qxa1 bxc5 22.Bg2 Bxg2
23.Kxg2 cxd4 24.Bxd4 h6 25.Qa6 e5 26.Be3 Qc7 27.h3 Kh7 28.Qb5 Kg8 29.Kh2 Kf8
30.Kg1 Ke7 31.Kh2 Qb8 32.Qc6 Qb4 33.Ne4 Nxe4 34.Qxe4 Qb2 35.Qg4 g5 36.Qh5 f6
37.h4 Kd8 38.Qxh6 gxh4 39.gxh4 Qxe2 40.Qg6 Qxc4 41.h5 Qh4+ 42.Kg1 Nf8 43.Qf7  1/2-1/2

[Event "ch-NED semi-finals"]
[Site "Leeuwarder NED"]
[Date "2001.02.10"]
[Round "1.1"]
[White "Witt,R"]
[Black "Janssen,R"]
[Result "0-1"]
[WhiteElo "2293"]
[BlackElo "2429"]

1.d4 Nf6 2.c4 e6 3.Nf3 b6 4.g3 Ba6 5.Qa4 Be7 6.Nc3 O-O 7.Bg2 c6 8.O-O d5
9.cxd5 cxd5 10.Bf4 Qd7 11.Qc2 Rc8 12.Ne5 Qe8 13.Rfc1 Nc6 14.Nxc6 Rxc6 15.a3 Rac8
16.Qd1 Bc4 17.b3 Ba6 18.Bd2 Qd7 19.b4 Bc4 20.Bg5 h6 21.Bxf6 Bxf6 22.f4 Ba6
23.Qd2 Qc7 24.Na2 Rc2 25.Qe3 Qc4 26.Rxc2 Bxd4 27.Rxc4 Bxe3+ 28.Kf1 Rxc4 29.a4 f5  0-1

[Event "TCh-SVK"]
[Site "SVK"]
[Date "2001.02.11"]
[Round "9"]
[White "Pal,P"]
[Black "Rigo,Z"]
[Result "0-1"]
[WhiteElo "2254"]
[BlackElo "2224"]

1.d4 Nf6 2.c4 e6 3.Nf3 b6 4.g3 Ba6 5.Qc2 c5 6.Bg2 Nc6 7.O-O cxd4 8.Rd1 Rc8
9.Qa4 Na5 10.Nbd2 Bxc4 11.b4 Bxe2 12.bxa5 b5 13.Qb3 Rc3 14.Re1 Rxb3 15.Nxb3 d3
16.Be3 Bb4 17.Rec1 O-O 18.Bc5 Bxc5 19.Rxc5 Ne4 20.Rcc1 Qf6 21.Nbd2 Nxd2 22.Nxd2 Qb2  0-1

[Event "It Women"]
[Site "Tel Aviv ISR"]
[Date "2001.02.23"]
[Round "4"]
[White "Borsuk,A"]
[Black "Lakos,N"]
[Result "1/2-1/2"]
[WhiteElo "2281"]
[BlackElo "2347"]

1.d4 Nf6 2.c4 e6 3.Nf3 b6 4.g3 Ba6 5.b3 Bb7 6.Bg2 Bb4+ 7.Bd2 a5 8.a3 Be7
9.Nc3 Ne4 10.Nxe4 Bxe4 11.O-O d5 12.Bc3 O-O 13.Nd2 Bxg2 14.Kxg2 c5 15.e3 Bf6
16.Rc1 cxd4 17.exd4 Nc6 18.Nf3 a4 19.cxd5 Qxd5 20.bxa4 Rfd8 21.Rb1 Nxd4 22.Bxd4 Bxd4
23.Qxd4 Qxf3+ 24.Kxf3 Rxd4 25.Rxb6 Rdxa4 26.Rfb1 Rxa3+ 27.R1b3 Rxb3+ 28.Rxb3 g6
29.h4 h5 30.Ke3 Kg7 31.Rc3 Ra1 32.Rb3 Re1+ 33.Kf3 Kf6 34.Rb7 e5 35.Rb6+ Kf5
36.Rb5 f6 37.Ra5 Rb1 38.Rc5 Rb3+ 39.Kg2 Rd3 40.Ra5 Ke6 41.Ra8 Rd6 42.Ra4 f5
43.Kf3 Kf6 44.Ke3 Rb6 45.Rc4 Ra6 46.Rb4 g5 47.hxg5+ Kxg5 48.Rb5 Ra3+ 49.Ke2 e4
50.Rb8 Kg4 51.Rg8+ Kh3 52.Rg5 Rf3 53.Kf1 e3 54.Rxh5+ Kg4 55.Rh4+ Kg5 56.Rh2 exf2
57.Rxf2 Kg4 58.Kg2 Rxg3+ 59.Kh2 Rh3+ 60.Kg2 Ra3 61.Rb2 f4 62.Rc2 Rg3+ 63.Kh2 Rh3+
64.Kg1 Kg3 65.Rg2+ Kf3 66.Ra2 Rh5 67.Ra3+ Kg4 68.Kg2 Rb5 69.Rc3 Rb2+ 70.Kf1 Rh2
71.Kg1 Rh6 72.Kf2 Rd6 73.Ra3 Rd4 74.Rb3 Ra4 75.Rc3 Ra2+ 76.Kf1 Kf5 77.Rd3 Ke4
78.Rb3 f3 79.Rb8 Ke3 80.Re8+ Kf4  1/2-1/2

[Event "It Women"]
[Site "Tel Aviv ISR"]
[Date "2001.02.26"]
[Round "6"]
[White "Len,I"]
[Black "Lakos,N"]
[Result "0-1"]
[WhiteElo "2118"]
[BlackElo "2347"]

1.d4 Nf6 2.c4 e6 3.Nf3 b6 4.g3 Ba6 5.Qa4 c5 6.Bg2 Bb7 7.dxc5 Bxc5 8.O-O O-O
9.b4 Be7 10.Bb2 a5 11.b5 d6 12.Nbd2 Qc7 13.Rac1 e5 14.Rfe1 Nbd7 15.Qc2 Rac8
16.Bh3 Qb8 17.Ng5 Rc7 18.f4 h6 19.Ngf3 Re8 20.Kf1 Bf8 21.e3 Qa8 22.Nh4 d5
23.Bxd7 Nxd7 24.Qd3 Nc5 25.Qb1 e4 26.cxd5 Bxd5 27.Be5 Rd7 28.Rc2 Nd3 29.Rec1 Nxc1
30.Qxc1 f6 31.Bd4 Qb7 32.Nf5 Be6 33.Nh4 Red8 34.Kf2 Bc5 35.Nb3 Bxb3 36.axb3 Bxd4
37.exd4 Rxd4 38.Nf5 R4d7 39.Rc6 Rd2+ 40.Ke1  0-1

[Event "Open"]
[Site "Cappelle la Grande FRA"]
[Date "2001.02.28"]
[Round "6"]
[White "Pushkov,N"]
[Black "Yu Shaoteng"]
[Result "0-1"]
[WhiteElo "2546"]
[BlackElo "2493"]

1.d4 Nf6 2.Nf3 e6 3.c4 b6 4.g3 Ba6 5.Qb3 Nc6 6.Bd2 Bb7 7.d5 Ne7 8.dxe6 fxe6
9.Bg2 Nf5 10.O-O Bc5 11.Bc3 O-O 12.Nbd2 Qe8 13.Qc2 a5 14.e4 Nh6 15.e5 Nfg4
16.Ng5 Rf5 17.Bxb7 Qh5 18.Ndf3 Rb8 19.Be4 Rxf3 20.Nxf3 Qh3 21.Bxh7+ Kh8 22.Bd2 Rf8
23.Bf4 Rxf4  0-1

[Event "5th United Insurance"]
[Site "Dhaka BAN"]
[Date "2001.03.02"]
[Round "11"]
[White "Vakhidov,T"]
[Black "Barsov,A"]
[Result "1/2-1/2"]
[WhiteElo "2482"]
[BlackElo "2500"]

1.d4 Nf6 2.c4 e6 3.Nf3 b6 4.g3 Ba6 5.b3 Bb7 6.Bg2 Bb4+ 7.Bd2 a5 8.O-O O-O
9.Nc3 Ne4 10.Nxe4 Bxe4 11.e3 Bxd2 12.Qxd2 d6 13.Rfd1 Nd7 14.Rac1 Qe7  1/2-1/2

[Event "Linklater Mem"]
[Site "San Francisco USA"]
[Date "2001.03.07"]
[Round "10"]
[White "Baginskaite,C"]
[Black "Shahade,G"]
[Result "1/2-1/2"]
[WhiteElo "2306"]
[BlackElo "2456"]

1.d4 Nf6 2.c4 e6 3.Nf3 b6 4.g3 Ba6 5.b3 Bb4+ 6.Bd2 Be7 7.Bg2 c6 8.O-O d5
9.Bc3 O-O 10.Nbd2 Nbd7 11.Re1 Bb7 12.e4 dxe4 13.Nxe4 Nxe4 14.Rxe4 Bf6 15.Rc1 c5
16.Re2 cxd4 17.Bxd4 Qc7 18.Rd2 Rfd8 19.Qe2 e5 20.Bb2 e4 21.Bxf6 Nxf6 22.Nd4 a6  1/2-1/2